Municipalities of Hiiumaa With a Map - Statistics

General Stats
  • This quiz has been taken 11 times
  • The average score is 3 of 5
Answers on the Map
Answers color-coded by a green-red scale on the quiz's map according to % correct below.
 
Answer Stats
Answer % Correct
Kärdla
100%
Emmaste
75%
Käina
63%
Kõrgessaare
63%
Pühalepa
38%
No matching quizzes found
Score Distribution
Percent of People with Each Score
Percentile by Number Answered
Your Score History
You have not taken this quiz